[Event "Jena Schwarzer Baer op"]
[Site "Jena"]
[Date "2009.02.07"]
[Round "3"]
[White "Scholz, Lucas"]
[Black "Hahnewald, Uwe"]
[Result "0-1"]
[WhiteElo "1467"]
[BlackElo "1683"]
[PlyCount "44"]
[EventDate "2009.02.04"]
[EventType "swiss"]
[EventRounds "7"]
[EventCountry "GER"]
[SourceTitle "EXT 2010"]
[Source "ChessBase"]
[SourceDate "2010.11.25"]
[SourceVersion "1"]
[SourceVersionDate "2010.11.25"]
[SourceQuality "1"]

1. Nf3 d5 2. c4 e6 3. g3 Nf6 4. Bg2 c6 5. cxd5 exd5 6. d4 Be7 7. 0-0 0-0 8. Nc3 Nbd7 9. Qd3 Re8 10. Re1 Bd6 11. Bg5 h6 12. Bd2 Ne4 13. Qc2 Ndf6 14. a4 a5 15. h3 Bf5 16. Qb3 Qd7 17. g4 Bh7 18. Rad1 g5 19. Be3 Bg6 20. Bc1 Kg7 21. Nh2 Nxf2 22. Kxf2 Bxh2 0-1